000
00265nam a2200097Ia 4500
001
924933
005
20250826191530.0
008
250824s9999 xx 000 0 und d
245
0
_a
AYRILIK AYRI AŞK BİTİŞİK YAZILIR
_c
KAHRAMAN TAZEOĞLU
260
_b
DESTEK YAYINLARI
999
_c
924933
_d
924933